=LDR 00000nam 2200000 4500 =001 INLIS000000000041035 =005 20151212114915.0 =006 =007 =008 ind =035 ##$$0010-061300000041035 =041 ##$$a ind =082 ##$$a 028.5 =100 ##$$a Lee, Mi Sun =245 ##$$a EQ Biografi Isaac Newton =260 ##$$a gramedia $b Jakarta =300 ##$$a 159 hlm =850 ##$$a NBPNMAT =990 ##$$a 21400613/BPAP-NTB/20142014 =990 ##$$a 0001/BPAP-NTB/20142015 =990 ##$$a 0001/BPAP-NTB/2016